Statistics for 20 Largest Ethnic Groups in Toronto

Click here to take the quiz!

General Stats

  • This quiz has been taken 606 times
  • The average score is 13 of 20

Answer Stats

Percentage of Total Population Ethnic Group % Correct
3. 10.8%Chinese
95%
9. 4.5%French
91%
4. 10.4%East Indian
89%
7. 8.6%Italian
88%
8. 4.8%German
85%
17. 1.9%Spanish
82%
16. 2.1%Russian
80%
1. 14.1%English
77%
6. 9.8%Irish
75%
11. 3.9%Polish
72%
12. 3.6%Portuguese
61%
20. 1.8%Dutch
60%
2. 13.2%Canadian
57%
5. 9.9%Scottish
56%
10. 4.5%Filipino
51%
15. 2.4%Ukrainian
50%
13. 3.2%Jamaican
38%
14. 2.5%Jewish
34%
19. 1.9%British Isles Origin (other)
29%
18. 1.9%Sri Lankan
19%

Score Distribution

Percentile by Number Answered

Percent of People with Each Score

Your Score History

You have not taken this quiz